| 000 | 01196nam a22003615a 4500 | ||
|---|---|---|---|
| 999 |
_c29364 _d29335 |
||
| 003 | EG-ScBUE | ||
| 005 | 20210816150715.0 | ||
| 008 | 180411s2004 enk f 000 0 eng d | ||
| 020 | _a9781405003865 | ||
| 020 | _a1405003863 | ||
| 040 |
_aEG-ScBUE _beng _erda _cEG-ScBUE _dEG-ScBUE |
||
| 082 | 0 | 4 |
_a438.34 _bWAT _222 |
| 100 | 1 |
_aWatson, Anne, _eauthor. |
|
| 245 | 1 | 0 |
_aSurvival English : _binternational communication for professional people, _pTeacher's guide / _cAnne Watson, Peter Viney. |
| 246 | 3 | 3 | _aTeacher's guide |
| 250 | _aNew edition. | ||
| 264 | 1 |
_aOxford : _bMacmillan Education, _c2004. |
|
| 300 |
_a79 pages ; _c28 cm |
||
| 336 |
_2rdacontent _atext _btxt |
||
| 336 |
_2rdacontent _asounds _bsnd |
||
| 337 |
_2rdamedia _aunmediated _bn |
||
| 337 |
_2rdamedia _aaudio _bs |
||
| 338 |
_2rdacarrier _avolume _bnc |
||
| 338 |
_2rdacarrier _acomputer disc _bcd |
||
| 650 | 7 |
_aEnglish language _xBusiness English. _2BUEsh _93736 |
|
| 650 | 7 |
_aEnglish language _xConversation and phrase books. _2BUEsh _919571 |
|
| 651 | _2BUEsh | ||
| 653 |
_bHHUUEENN _bGGEN _cApril2018 |
||
| 655 |
_vReading book _934232 |
||
| 700 | 1 |
_aViney, Peter, _eauthor. |
|
| 942 |
_2ddc _cBB |
||